| 000 | 00479cam a2200193ua 4500 | ||
|---|---|---|---|
| 001 | 1103 | ||
| 008 | 110428n ii |||gr||||Z||||||eng | ||
| 020 | _a978-0-19-568147-5 | ||
| 020 | _a0-19-568147-9 | ||
| 040 | _cMAIN | ||
| 082 | _a323.4 | ||
| 245 | 1 | _aIntroducing human rights | |
| 250 | _a1st. | ||
| 260 |
_aNew Delhi: _bOxford university press, _c2006. |
||
| 300 |
_axvii, 261p.: _c7cm. |
||
| 653 | _aPolitical science | ||
| 653 | _aIntroducing human rights | ||
| 942 | _cBK | ||
| 999 |
_c1018 _d1018 |
||